000 00893nam a2200253 a 4500
001 ENG-90842
005 20071231103130.0
008 080901t xxu||||| |||| 00| 0 eng d
010 _aENG-90842
020 _c950.00
_a8190422952
035 _aEN-74375
037 _bDBAD / PUB
040 _aDPL
082 _a323.0954
100 _aSharma, Sita Ram
245 _aPerspective on human rights in India /
_cby Sita Ram Sharma
260 _aJaipur
_bAgarwal Publishing Houes
_c2007
270 _a1885, Shukhlala Vyas Ki Gali, Nataniyon Ka Rasta,
_bJaipur
_e302003
300 _a424p.
_c23 cm (Hb)
650 _aCivil rights
_zIndia
650 _aHuman rights
_zIndia
942 _2ddc
_cEN
_h323.0954
_mSHA
999 _c15252
_d15252